000 00453nam a2200145Ia 4500
003 OSt
005 20260226160812.0
008 211028s2019 xx 000 0 und d
040 _cAIMIT LIBRARY
041 _aeng
100 _aAlmeida, Rolwin Dalen; Dhananjaya,K.
_g1716162
_98139
245 _aStudy on the determinants and consequences of insufficient training provided to new joinees /
260 _aMangalore
_bBabu Thomas
_c2019
942 _2ddc
_cPRO
999 _c219707
_d219707